Movies Quiz

Random Movies or Classical Quiz

Disney's Fantasia/Fantasia 2000 Songs Quiz Stats

 Plays Quiz not verified by Sporcle

Score 0/16 Timer 10:00
0 Plays Today
Number Musical Work % Correct
3.The Sorcerer's Apprentice
82.8%
14.The Sorcerer's Apprentice
82.8%
2.Nutcracker Suite
81.4%
7.Night on Bald Mountain
76.6%
11.Rhapsody in Blue
75.3%
4.The Rite of Spring
73%
16.Firebird Suite
70.5%
8.Ave Maria
64.9%
Number Musical Work % Correct
15.Pomp and Circumstance, Marches 1, 2, 3, and 4
64.9%
13.The Carnival of the Animals, Finale
60.8%
10.Pines of Rome
60.5%
5.Symphony No. 6 in F, Op.68 Pastorale
59%
9.Symphony No. 5 in C Minor, 1. Allegro con Brio
58.7%
6.La Gioconda: Dance of the Hours
58.5%
1.Toccata and Fugue in D Minor
56.9%
12.Piano Concerto No. 2 in F Major, 1. Allegro
35.8%

You're not logged in!

Compare scores with friends on all Sporcle quizzes.
OR
Log In

Show Comments

Extras

Top Quizzes Today


Score Distribution

Your Account Isn't Verified!

In order to create a playlist on Sporcle, you need to verify the email address you used during registration. Go to your Sporcle Settings to finish the process.

Report this User

Report this user for behavior that violates our Community Guidelines.

Details: